000 01084nam a2200217Ia 4500
003 OSt
005 20250206102141.0
007 ca aa aaaaa
008 201103s9999 xx 000 0 und d
040 _cSSBUL
041 _abur
082 _223
_a၂၉၄.၃၆၅၇ တော
_b၉၃၂၀ S-SAT
245 0 0 _aတောတိုက်ဓမ္မရိပ်သာရွှေရတုနှင့်ငွေရတုမင်္ဂလာ။
260 _aရန်ကုန် ၊
_b[ထုတ်ဝေသူမပါ]၊
_c၂၀၀၁။
300 _aင၊ ၁၇၀ စာမျက်နှာ ၊
_bဓါတ်ပုံများ ၊
_c၂၅ စင်တီ။
500 _aS-SAT: Dr. Sai Aung Tun
650 _aတောတိုက်ဓမ္မရိပ်သာ - ရန်ကုန်၊
_934614
650 _aဗုဒ္ဓဘာသာဘုန်းတော်ကြီးကျောင်း၊
_945721
650 _aဘုန်းတော်ကြီးကျောင်း - မြန်မာနိုင်ငံ။
_957344
942 _2ddc
_cBK1
999 _c16827
_d16827